[Event "ALG-ch"]
[Site "Tiaret"]
[Date "2019.08.04"]
[Round "7"]
[White "Ouis, Mohammed"]
[Black "Ghafoul, Mohamed Amine"]
[Result "0-1"]
[WhiteElo "1609"]
[BlackElo "1992"]
[PlyCount "39"]
[EventDate "2019.08.01"]
[EventType "swiss"]
[EventRounds "9"]
[EventCountry "ALG"]
[SourceTitle "EXT 2020"]
[Source "ChessBase"]
[SourceDate "2019.10.17"]
[SourceVersion "1"]
[SourceVersionDate "2019.10.17"]
[SourceQuality "1"]

1. e4 d5 2. exd5 Nf6 3. d4 Nxd5 4. c4 Nb6 5. Nc3 g6 6. Nf3 Bg7 7. Be3 0-0 8. Bd3 Nc6 9. Be2 Bg4 10. c5 Nd5 11. Nxd5 Qxd5 12. h3 Bxf3 13. Bxf3 Qc4 14. Bxc6 bxc6 15. Qe2 Qb4+ 16. Qd2 Rab8 17. 0-0-0 Rfd8 18. Qc3 Qa4 19. Kb1 e5 20. b3 0-1